Journal of tribology and surface engineering

Detalles Bibliográficos
Formato: Electrónico Revista
Lenguaje:inglés
Publicado: Hauppauge, N.Y. : Nova Science Pub.
Materias:
Acceso en línea:Full text available from Research Library: 01/01/2011 to 07/31/2012

MARC

LEADER 00000nas a2200000 a 4500
001 ssj0001454339
003 WaSeSS
005 20200512172242.0
006 m d
007 cr n
008 090716c20109999nyuqr p s | a0eng
010 |a  2009203345 
022 |y 1949-4866 
035 |a (WaSeSS)ssj0001454339 
037 |b Nova Science Publishers, Inc., 400 Oser Ave., Ste. 1600, Hauppauge, NY 11788-3619  |c $55.00 (single issue)  |c $195.00 (1 yr.) 
040 |a DLC  |b eng  |c DLC  |d DLC  |d OCLCF  |d AU@  |d CUS  |d WaSeSS 
042 |a pcc  |a nsdp 
050 0 0 |a TJ1075.A2  |b J683 
082 1 0 |a 621.8  |2 14 
222 0 |a Journal of tribology and surface engineering 
245 0 0 |a Journal of tribology and surface engineering  |h [electronic resource]. 
260 |a Hauppauge, N.Y. :  |b Nova Science Pub. 
310 |a Quarterly 
362 1 |a Began with v. 1, issue 1/2 (2010). 
506 |a License restrictions may limit access. 
588 |a Description based on v. 1, issue 1/2 (2010); title from cover. 
588 |a Latest issue consulted v. 1, issue 1/2 (2010). 
650 0 |a Tribology  |v Periodicals. 
650 0 |a Coatings  |v Periodicals. 
650 0 |a Composite materials  |x Surfaces  |v Periodicals. 
650 7 |a Coatings.  |2 fast  |0 (OCoLC)fst00865859 
650 7 |a Composite materials  |x Surfaces.  |2 fast  |0 (OCoLC)fst00871728 
650 7 |a Tribology.  |2 fast  |0 (OCoLC)fst01156503 
655 0 |a Electronic journals. 
850 |a DLC 
856 4 0 |z Full text available from Research Library: 01/01/2011 to 07/31/2012  |u https://search.proquest.com/publication/2034824